Scientific research on the sculpturall arts of Asia : Proceedings of the Third Forbes Symposium at the Free Gallery of Art
Saved in:
| Other Authors: | , , |
|---|---|
| Format: | Book |
| Language: | English |
| Published: |
London
Archetype
2007
|
| Subjects: | |
| Online Access: | View in OPAC |
| Tags: |
No Tags, Be the first to tag this record!
|
MARC
| LEADER | 00000nam a2200000 a 4500 | ||
|---|---|---|---|
| 005 | 20260127134033.0 | ||
| 008 | 081215 2008 enk 000 0 eng d | ||
| 020 | |a 9781904982203 | ||
| 035 | |a vtls009455444 | ||
| 039 | 9 | |y 200812151515 |z mschk03 | |
| 040 | |a STUSCHK1 |b slo |c STUSCHK1 |e AACR2 | ||
| 080 | |a 709.5 | ||
| 245 | 1 | |a Scientific research on the sculpturall arts of Asia : |b Proceedings of the Third Forbes Symposium at the Free Gallery of Art |c edited by Janet G. Douglas, Paul Jett, and John Winter | |
| 260 | |a London |b Archetype |c 2007 | ||
| 300 | |a xv, 212 p. |b ill. |c 30 cm | ||
| 650 | 0 | |a Art and science |x congresses | |
| 650 | 0 | |a Asia |x sculptural |v congresses | |
| 650 | 0 | |a Asia art | |
| 650 | 0 | |a forbes | |
| 700 | 1 | |a Jett, Paul | |
| 700 | 1 | |a Winter, John | |
| 700 | 1 | |a Douglas, Janet G. | |
| 910 | |a SCHK95 | ||
| 919 | |a 978-1-904982-20-3 | ||
| 999 | |c 2590 |d 2590 | ||